000 00735nam a2200253Ia 4500
003 OSt
005 20221005040035.0
006 a|||||r|||| 00| 0
007 ta
008 221004b |||||||| |||| 00| 0 eng d
024 _a66866
037 _cTextual
040 _aCRL
_cCRL
_beng
041 _2eng
_aeng
082 _a2.N54t, K0
110 _aIndia (Govt. of --). Education (Ministry of --)
_9377129
245 0 _aReport of advisory committee for libraries
260 _aDelhi
_bMinistry of Education India
_c1961
300 _a155p.
_ccm.
650 _aLIBRARY SCIENCE
700 _aIndia (Govt. of --). Education (Ministry of --)
_9377130
942 _h2.N54t, K0
_cTEXL
_2cc
999 _c946273
_d946273